00495nam a2200193Ia 4500003000400000005001700004008004100021020001800062040000700080041000800087082002100095100001900116245006900135260004100204300001500245365001400260650001200274650001500286OSt20250628122238.0210423s2010 xx 000 0 und d a9781847875747 cAL aeng a070.1 223bFENN aNatalie Fenton aNew media old media: journalism and democracy in the digital age aLos angelesbSage Publicationsc2010 axi,220bPB b1770cINR aGeneral aMass Media